Statistics for Name Every Prophet in the Bible

Click here to take the quiz!

General Stats

  • This quiz has been taken 37 times
  • The average score is 24 of 85

Answer Stats

Answer% Correct
Moses
90%
John of Patmos
77%
John the Baptist
77%
Abraham
74%
Jacob
68%
Noah
68%
David
65%
Isaiah
65%
Elijah
61%
Joseph, fosterfather of Jesus
61%
Joseph, son of Jacob
61%
Daniel
58%
Ezekiel
58%
Jonah
58%
Elisha
55%
Paul the Apostle
55%
Samuel
55%
Solomon
55%
Adam
52%
Amos
52%
Isaac
52%
Malachi
52%
Micah
52%
Job
48%
Joel
48%
Joshua
48%
Peter
48%
Aaron
42%
Haggai
42%
Zephaniah
42%
Habakkuk
39%
Nahum
39%
Mary, mother of Jesus
35%
Obadiah
35%
Zechariah, father of John the Baptist
35%
Zechariah, son of Berechiah
35%
Zechariah, son of Jehoiada
35%
Hosea
32%
Ezra
29%
Saul
29%
Nathan
26%
Lot
23%
Abel
19%
Anna
19%
Deborah
16%
Enoch
16%
Simeon Niger
16%
Simeon of Jerusalem
16%
Jeramiah
13%
Melchizedek
13%
Miriam
13%
Simon Magus
13%
Gideon
10%
Azur
6%
Elisabeth, mother of John the Baptist
6%
Gad
6%
Huldah
6%
Ishmael
6%
Jethro
6%
Philip the Evangelist
6%
Ahijah
3%
Asaph
3%
Azariah
3%
Barnabas
3%
Elihu
3%
Jehu
3%
Joachim
3%
Micaiah
3%
Silas
3%
Agabus
0%
Ananias of Damascus
0%
Eber
0%
Eldad
0%
Eliezer
0%
Hanai
0%
Iddo
0%
Jahaziel
0%
Judas Barsabbas
0%
Lamech
0%
Lucius of Cyrene
0%
Manahen
0%
Medad
0%
Oded
0%
Shemaiah
0%
Urijah
0%

Score Distribution

Percentile by Number Answered

Percent of People with Each Score

Your Score History

You have not taken this quiz